| 000 | 00435nam a22001337a 4500 | ||
|---|---|---|---|
| 020 | _a978-969-23088-0-9 | ||
| 082 | _a954.91 SAD | ||
| 100 |
_aSadiq, Hasan M _930770 |
||
| 245 | _aThe end of the great game: was pakistan the real us target? | ||
| 260 |
_aPakistan _bHMS Book _c2016 |
||
| 300 | _axI,373 P | ||
| 650 |
_aA comprehensive narrative of the US war in Afghanistan and its relationship to Middle East oil _969523 |
||
| 942 | _cBK | ||
| 999 |
_c576764 _d576764 |
||